000 00265nam a22001217a 4500
008 170713b xxu||||| |||| 00| 0 eng d
041 _aeng
080 _a17
100 _a17
101 _aFIL
245 _aTHE PHILOSOPHY MATHEMATICS
_cKORNER.S
942 _2udc
_cBK
999 _c20611
_d20611